| 000 | 01470nam a22002537a 4500 | ||
|---|---|---|---|
| 001 | 10066 | ||
| 003 | FISKH | ||
| 005 | 20260403090552.0 | ||
| 008 | 260403b cb ||||| |||| 00| 0 eng d | ||
| 020 | _a9780008159948 | ||
| 040 |
_aFISKH _beng _cFISKH _dFISKH |
||
| 082 | _a510 | ||
| 100 | _aClissold, Caroline | ||
| 245 |
_aCollins international primary maths : _bStudent's book 4 / |
||
| 260 |
_aLondon : _bHarper Collins, _c2016. |
||
| 300 |
_a124 pages : _bcolor illustrations ; _c27 cm |
||
| 505 | _aP | ||
| 520 | _aCollins International Primary Maths supports best practice in primary maths teaching, whilst encouraging teacher professionalism and autonomy. A wealth of supporting digital assets are provided for every lesson, including slideshows, animations, tools and games to ensure they are rich, lively and engaging. Each lesson is based on a 'big idea', providing an engaging, exciting theme which is anchored in a real-life international context. Activities, exercises and investigations provide opportunities for learners to apply their knowledge, skills and understanding of the mathematics they are learning. Provides support as part of a set of resources for the Cambridge Primary curriculum framework from 2011. This title is endorsed by Cambridge Assessment International Education. | ||
| 521 | 8 |
_a650
_bLexile estimate |
|
| 521 | 8 |
_aP
_bRaz-Plus |
|
| 650 |
_aMathematic Book _vNon-Fiction |
||
| 942 |
_2ddc _cBK _n0 |
||
| 999 |
_c10066 _d10066 |
||